Quizzes
Events
Quiz Creation
Community
Videos
Private Events
Remove Ads
Sign In
Join for FREE
Feedback
Dark Mode
Quiz Categories
Sports
Geography
Music
Movies
Television
Just For Fun
Miscellaneous
History
Literature
Language
Science
Gaming
Entertainment
Religion
Holiday
For Kids
Quiz Lab
Recent
Popular Today
Quiz Kudos Today
Editor Picks
Curator Picks
Quizzes by...
Day
Popularity
Type
Ratings
Length
Year
Community
Subscriptions
Recent Discussions
Orange Saloon
Badges
Playlists
Quests
Create
Leaderboards
Showdown
Live 5
Trivia Bingo
Activity
Puzzle Library
Sporcle Events
Private Events
Virtual Trivia
Globe League
Become a Host
Pub Owners
SporcleCon
Opinionation
Our Games
Videos
Blog
Mobile Apps
Partnerships
Remove Ads and Go Orange
Feedback
Gaming
Video Games
Board Games
Card Games
Pokémon
Mario
Nintendo
Minecraft
Console
Toys
Legend of Zelda
Gaming
Video Games
Board Games
Card Games
Pokémon
Mario
Nintendo
Minecraft
Console
Toys
Legend of Zelda
Random Quiz
Search Sporcle
×
Quiz Lab
Quiz Lab
Gaming
tcg
Type in answers that appear in a list
Type in answers that appear in a list
Classic
Best Score? Go Orange.
Metal Raiders Kartenliste (deutsch/german) Stats
Can you name the Metal Raiders Kartenliste (deutsch/german)?
By
Kingofgames
20m
143 Questions
22 Plays
22 Plays
22 Plays
Comments
Comments
Give Quiz Kudos
Give Quiz Kudos
-
- Ratings
hide this ad
More Info
Replay
Link that replays current quiz
Next Quiz
Link to next quiz in quiz playlist
You Got
0%
They Got
Avg Score
36%
Avg Friend Score
Upgrade to see
Score Distribution
Jump to the score distribution portion of the page
Score
0/143
Timer
20:00
0
Plays Today
Hint
Answer
% Correct
Effektmonster
Sangan
77.3%
Effektmonster
Torwächter
72.7%
Monster
Baby Drache
72.7%
Effektmonster
Zeitzauberer
72.7%
Falle
Spiegelkraft
68.2%
Fusionsmonster
Tausenddrache
68.2%
Monster
Herbeigerufener Totenkopf
63.6%
Effektmonster
Kazejin
63.6%
Effektmonster
Suijin
63.6%
Monster
Harpyie
59.1%
Effektmonster
Pistolendrache
59.1%
Konterfalle
Sieben Werkzeuge des Banditen
59.1%
Effektmonster
Harpyien Schwestern
54.5%
Fusionsmonster
Schwarzer Totenkopfdrache
54.5%
Effektmonster
Sanga des Donners
54.5%
Effektmonster
Hexe vom schwarzen Wald
54.5%
Monster
Kleine Motte
50%
Monster
Trent
50%
Effektmonster
Jirai Gumo
50%
Fusionsmonster
Labyrinthpanzer
50%
Konterfalle
Feierliches Urteil
50%
Konterfalle
Magische Störung
50%
Konterfalle
Horn des Himmels
50%
Zauber
Schwerer Sturm
50%
Monster
Wilder Kobold
45.5%
Effektmonster
Mottenlarve
45.5%
Effektmonster
Kokon der Evolution
45.5%
Monster
Kriechdrache
45.5%
Effektmonster
Maske der Finsternis
45.5%
Zauber
Vornehmer Egotist
45.5%
Effektmonster
Stahlskorpion
45.5%
Effektmonster
Jinzo 7
45.5%
Effektmonster
Magier des Glaubens
45.5%
Fusionsmonster
Kaminari Angriff
45.5%
Monster
Qualle
45.5%
Monster
Raketenwerferspinne
45.5%
Effektmonster
Hoshiningen
45.5%
Monster
Panzerechse
40.9%
Monster
Kojikocy
40.9%
Monster
Panzerzombie
40.9%
Monster
Ocubeam
40.9%
Monster
Meeresgrundbewohner
40.9%
Monster
Mega Donnerball
40.9%
Monster
Tongyo
40.9%
Fusionsmonster
Kaiserliche Richterin
40.9%
Effektmonster
Elektrische Eidechse
40.9%
Monster
Scheibenzauberer
40.9%
Monster
Hyosube
40.9%
Hint
Answer
% Correct
Monster
Hibikime
40.9%
Zauber
Überläufer
40.9%
Effektmonster
Große Motte
40.9%
Effektmonster
Kuriboh
40.9%
Monster
Mystischer Reiter
40.9%
Effektmonster
Grober Clown
40.9%
Effektmonster
Traumclown
40.9%
Fusionsmonster
Bickuribox
40.9%
Monster
Gigatech Wolf
40.9%
Effektmonster
Donnerdrache
40.9%
Fusionsmonster
Gestrafter Adler
40.9%
Effektmonster
Sternenboy
40.9%
Monster
Niwatori
40.9%
Effektmonster
Milus Strahler
40.9%
Effektmonster
Dunkler Elf
40.9%
Effektmonster
Klingenfliege
40.9%
Effektmonster
Hexenlehrling
40.9%
Effektmonster
Großes Auge
36.4%
Monster
Bodenangreifer Bugroth
36.4%
Effektmonster
Mystische Lampe
36.4%
Effektmonster
Leghul
36.4%
Effektmonster
Ooguchi
36.4%
Effektmonster
Sprenggaukler
36.4%
Monster
Antiker Elf
36.4%
Effektmonster
Regenbogenblume
36.4%
Monster
Morinphen
36.4%
Falle
Falsche Falle
36.4%
Effektmonster
Sumpfkampfwächter
36.4%
Monster
König von Yamimakai
36.4%
Fusionsmonster
Tollwütiger Reiter
36.4%
Effektmonster
Pumpking Geisterkönig
36.4%
Monster
Antiker Geist
36.4%
Effektmonster
Schatten Leichenfledderer
36.4%
Monster
Ryu Kishin Macht
36.4%
Effektmonster
Kanonensoldat
36.4%
Effektmonster
Lavakampfwächter
36.4%
Effektmonster
Kleine Schimäre
36.4%
Zauberkarte
Schild und Schwert
36.4%
Monster
Killerbiene
31.8%
Effektmonster
Maskierter Hexenmeister
31.8%
Fusionsmonster
Brüllende Seeschnecke
31.8%
Fusionsmonster
Tiefsee Hai
31.8%
Monster
Zerstörer Golem
31.8%
Monster
Antike Kampfeidechse
31.8%
Zauber
Ehrung der Verdammten
31.8%
Effektmonster
Drachenpfeifer
31.8%
Effektmonster
Schloss der dunklen Illusionen
31.8%
Effektmonster
Katapult Schildkröte
31.8%
Hint
Answer
% Correct
Effektmonster
Prinzessin von Tsurugi
31.8%
Fusionsmonster
Doppelköpfiger Donnerdrache
31.8%
Monster
Blaugeflügelte Krone
31.8%
Fusionsmonster
Totenkopfritter
31.8%
Monster
Garnecia Elefantis
31.8%
Zauber
Schmerzen teilen
31.8%
Monster
Felsen Oger Grotte 1
27.3%
Monster
Jagdspinne
27.3%
Zauber
Fröhlicher Sarg
27.3%
Monster
Schwarzer Feuerdrache
27.3%
Monster
Gesichtsloser Illusionist
27.3%
Effektmonster
Verdorbene Weißheit
27.3%
Zauber
Schreckliches Feuer
27.3%
Monster
Siebenfarbiger Fisch
27.3%
Fusionsmonster
Musikerkönig
27.3%
Monster
Flammen Zerberus
27.3%
Monster
Lady des Glaubens
27.3%
Ausrüstungszauber
Ring des Magnetismus
27.3%
Monster
Geflügelter Drache, Festungswächter 1
22.7%
Monster
Bleiche Bestie
22.7%
Effektmonster
Doppelgängerin der Königin
22.7%
Monster
Saggi dunkler Clown
22.7%
Fusionsmonster
Giltia Drachenritter
22.7%
Effektmonster
Yado Karu
22.7%
Ausrüstungszauber
Schwer der Tiefliegenden
22.7%
Effektmonster
Weißer Zauberhut
18.2%
Monster
Leogun
18.2%
Effektmonster
Insektensoldaten des Himmels
18.2%
Effektmonster
Bistro Schlächter
18.2%
Zauber
Blockangriff
18.2%
Monster
Doma Engel der Stille
13.6%
Monster
Wasseromotik
13.6%
Zauber
Seelenerlöser
13.6%
Monster
Kampfstier
13.6%
Monster
Wächter des Labyrinths
13.6%
Monster
Abwehrratte
13.6%
Effektmonster
Kleiner Schwertkämpfer von Aile
13.6%
Monster
Beschützer des Thronsaals
13.6%
Effektmonster
Unsterblicher des Donners
13.6%
Effektmonster
Muka Muka
13.6%
Effektmonster
Pilzmann 2
13.6%
Effektmonster
Unglückliche Jungfrau
13.6%
Fusionsmonster
Cybersaurier
9.1%
Monster
Gazelle König der mythischen Bestien
9.1%
Permanente Falle
Raubender Goblin
9.1%
Ausrüstungszauber
Keiminfektion
9.1%
Ausrüstungszauber
Lähmender Trank
4.5%
Quiz Playlist
Details
Report
Send in Message
Add To Playlist
More Info:
Weißt du noch, welche Karten damals im booster Metal Raiders erschienen sind?
Classic:
Type in answers that appear in a list
Last Updated: Feb 19, 2017
Quiz Scoreboard
CHALLENGE
Sign Up to Join the Scoreboard
Show All
Scores
Hide
Comments
May contain spoilers
Recently Published
Billboard Blitz: Fleetwood Mac
by CooCooCachoo
Music
15s
Presidents Visiting Landmarks
by Hejman
History
7m
An Introduction to Baseball
by treessimontrees
Sports
5m
More to Explore
Quiz From the Vault
Featured Blog Post
Where Did the Easter Bunny Come From?
hide this ad
You Might Also Like...
Tags
tcg
TCG Sets
Yu-Gi-Oh
Today's Top Quizzes in Gaming
Browse Gaming
hide this ad
Top Contributed Quizzes in Gaming
1
5-to-1: Consoles
2
5-to-1: Legend of Zelda
3
7-to-1: Board Game Piece Blitz
4
Destiny 2 exotic weapons by perk icons
5
Ultimate Genshin Impact Logic Puzzle (up to 4.3)
6
Franchise by Action Figure
7
Genshin Impact Logic Puzzle Quiz
8
Who's on the WWE 2K24 Cover?
9
Overwatch Logic Puzzle
10
League of Legends Pro Players by Career/Team History
Explore More
Trending Topics
Harry Potter
Marvel
Crossword
Kpop
Anime
Disney
NBA
Puzzle
Pokémon
Soccer
Song
NFL
The Office
Country
WWE
hide this ad
More By:
Kingofgames
Quiz
Plays
Rating
Category
Featured
Created
Metal Raiders Kartenliste (deutsch/german)
22
Gaming
Feb 19, 2017
Go to Creator's Profile
Score Distribution
Quiz Creator Spotlight
Kingofgames
Follow
Send a Message
Quizzes Created
-
Created Quiz Play Count
-
More By This Creator
Popular Quizzes Today
1
Find the US States - No Outlines Minefield
2
Find the Countries of Europe - No Outlines Minefield
3
The Countries of the World
4
Find the US States
5
Popular People in 1961
6
US States
7
Risky Map Clicking: Biggest States A-Z
8
Movies - When Are They Set?
More Gaming Quizzes
Video Game Trees
Published
Trending Quizzes
Risky Map Clicking: Least Populous States A-Z
1-10 Letter G Words
1-10 Letter F Words
Risky Map Clicking: Next State Alphabetically
'A' Boys' Names Grid
Recently Updated
Leaping Animals
pecheneg
Reality TV Shows (A-Z)
bhenderson79
Rickey Henderson's Hall of Fame Teammates
pecheneg
Champions League XIs: Arsenal
pecheneg
Quick Pick: Celebrities in WWE's Hall of Fame
aduchscher
A-Z Keypad Blitz II
pecheneg
Multiple Oscar Actors
pecheneg
Mystery Phrase Blitz: Oscar 'Best Actors'
pecheneg
F. Scott Fitzgerald Novels
LTH
Pick 3 Villains
ddd62291
Trending Topics
Harry Potter
Disney
Crossword
NBA
Kpop
Marvel
Anime
The Office
Pokémon
NFL
Puzzle
Country
Soccer
WWE
Song
Your Account Isn't Verified!
In order to create a playlist on Sporcle, you need to verify the email address you used during registration. Go to your
Sporcle Settings
to finish the process.
Report this User
Report this user for behavior that violates our
Community Guidelines
.
Details:
Send Report
Go to the Sporcle.com Mobile Site →
Comments